Catalog

Record Details

Catalog Search



Available copies

  • 2 of 2 copies available at LARL/NWRL Consortium.
  • 2 of 2 copies available at Lake Agassiz Regional Library. (Show preferred library)

Current holds

0 current holds with 2 total copies.

Show All Copies
Location Call Number / Copy Notes Barcode Shelving Location Status Due Date
Detroit Lakes Public Library HOL (Text) 33500013370549 Main Available -
Fertile Public Library HOL (Text) 33500013370556 Main Available -

Record details

  • ISBN: 9781538716571
  • ISBN: 1538716577
  • Physical Description: 409 pages ; 18 cm.
  • Edition: First edition.
  • Publisher: New York, NY : Forever, 2021.

Content descriptions

General Note:
Includes bonus story "Once upon a bride" (pages [317]-409).
Summary, etc.:
"Maya Mehta will do anything to save her tiny, ... Read More
Subject: Man-woman relationships > Fiction.
Triangles (Interpersonal relations) > Fiction.
Community theater > Fiction.
Community theater.
Man-woman relationships.
Triangles (Interpersonal relations)
Genre: Romance fiction.
Fiction.
Romance fiction.
LDR 02817cam a2200505Ii 4500
001358170
003LARL_NWRL_CONSORTIUM
00520210401160635.0
008200714s2021 nyu e 000 1 eng d
040 . ‡aYDX ‡beng ‡erda ‡cYDX ‡dIEB ‡dOCLCO ‡dSINLB ‡dOI6 ‡dOCLCF ‡dILC ‡dUKMGB ‡dOCLCO ‡dYU6 ‡dOCLCO
015 . ‡aGBC114731 ‡2bnb
0167 . ‡a020096323 ‡2Uk
019 . ‡a1240169052 ‡a1241707599
020 . ‡a9781538716571 ‡q(paperback)
020 . ‡a1538716577 ‡q(paperback)
035 . ‡a(OCoLC)1164492333 ‡z(OCoLC)1240169052 ‡z(OCoLC)1241707599
08204. ‡a813.6 ‡223
1001 . ‡aHoliday, Jenny ‡c(Romance author), ‡eauthor.
24510. ‡aSandcastle beach / ‡cJenny Holiday.
250 . ‡aFirst edition.
264 1. ‡aNew York, NY : ‡bForever, ‡c2021.
264 4. ‡c©2021
264 4. ‡c©2018 [Once upon a bride}
300 . ‡a409 pages ; ‡c18 cm.
336 . ‡atext ‡btxt ‡2rdacontent
337 . ‡aunmediated ‡bn ‡2rdamedia
338 . ‡avolume ‡bnc ‡2rdacarrier
4900 . ‡aMatchmaker Bay ; ‡v3
500 . ‡aIncludes bonus story "Once upon a bride" (pages [317]-409).
520 . ‡a"Maya Mehta will do anything to save her tiny, beloved community theater. Put on musicals she hates? Check. Hire an arrogant former-pop-star-turned-actor? Done. But what Maya really needs to save her theater is Matchmaker Bay's new business grant. She's got some serious competition, though: Benjamin 'Law' Lawson, local bar owner, Jerk Extraordinaire, and Maya's annoyingly hot arch nemesis. Let the games begin. Law loves nothing more than getting under Maya's skin, and making those gorgeous eyes dance with irritation. But when he discovers the ex-pop star has a thing for Maya, too, Law decides he's done waiting in the wings--starting with a scorching-hot kiss. Turns out there's a thin line between hate and irresistible desire, and Maya and Law are really good at crossing it. But when things heat up, will they allow their long-standing feud to get in the way of their growing feelings?"--FantasticFiction.com.
650 0. ‡aMan-woman relationships ‡vFiction. ‡0(LARL_NWRL_CONSORTIUM)165985
650 0. ‡aTriangles (Interpersonal relations) ‡vFiction. ‡0(LARL_NWRL_CONSORTIUM)167628
650 0. ‡aCommunity theater ‡vFiction.
650 7. ‡aCommunity theater. ‡2fast ‡0(LARL_NWRL_CONSORTIUM)17308
650 7. ‡aMan-woman relationships. ‡2fast ‡0(LARL_NWRL_CONSORTIUM)38460
650 7. ‡aTriangles (Interpersonal relations) ‡2fast ‡0(LARL_NWRL_CONSORTIUM)40949
655 7. ‡aRomance fiction. ‡2lcgft
655 7. ‡aFiction. ‡2fast
655 7. ‡aRomance fiction. ‡2fast
7001 . ‡aHoliday, Jenny ‡c(Romance author). ‡tOnce upon a bride.
901 . ‡a358170 ‡bOCoLC ‡c358170 ‡tbiblio ‡soclc

Additional Resources